[Event "AUTO-ADV-2182"]
[Site "http://www.queenalice.com/game.php?id=946284"]
[Date "2011.6.5"]
[Round "1"]
[White "salso"]
[Black "jzonta"]
[Result "1-0"]
[WhiteElo "1931"]
[BlackElo "1825"]

1. d4 Nf6 2. e3 g6 3. Bd3 Bg7 4. Nd2 O-O 5. f4 d6 6. Ngf3 Nbd7 7. O-O e5 8. dxe5
dxe5 9. Nxe5 Nxe5 10. fxe5 Ng4 11. Nf3 1-0

[Event "AUTO-ADV-2182"]
[Site "http://www.queenalice.com/game.php?id=946285"]
[Date "2011.6.5"]
[Round "1"]
[White "jzonta"]
[Black "salso"]
[Result "0-1"]
[WhiteElo "1838"]
[BlackElo "1918"]

1. e4 e5 2. f4 d5 3. exd5 Qxd5 4. Nc3 Qe6 5. Nf3 exf4+ 6. Be2 Bd6 7. O-O Ne7 8.
d4 c6 9. Bd3 O-O 10. Bxh7+ Kxh7 11. Ng5+ Kg8 0-1

[Event "AUTO-ADV-2182"]
[Site "http://www.queenalice.com/game.php?id=946296"]
[Date "2011.6.5"]
[Round "1"]
[White "jzonta"]
[Black "afonso092"]
[Result "1-0"]
[WhiteElo "2003"]
[BlackElo "1997"]

1. e4 e5 2. f4 exf4 3. Nf3 Be7 4. Bc4 h6 5. Bxf7+ Kxf7 6. Ne5+ Ke6 7. Qg4+ Kd6
8. Nf7+ Kc5 9. Nxd8 Bxd8 10. d4+ Kc6 11. d5+ 1-0

[Event "AUTO-ADV-2182"]
[Site "http://www.queenalice.com/game.php?id=946297"]
[Date "2011.6.5"]
[Round "1"]
[White "afonso092"]
[Black "jzonta"]
[Result "1-0"]
[WhiteElo "2034"]
[BlackElo "2057"]

1. e4 c5 2. Nf3 Nc6 3. a3 Nf6 4. Nc3 e6 5. d4 d5 6. exd5 exd5 7. Be2 Be7 8. O-O
O-O 9. h3 Bf5 10. Bd3 Ne4 11. Bxe4 dxe4 12. Nh2 cxd4 13. Ne2 Re8 14. Bf4 Qb6 15.
Rb1 Rad8 16. Nc1 Na5 17. Re1 Nc4 18. Nb3 e3 19. fxe3 dxe3 20. Qe2 1-0

[Event "AUTO-ADV-2183"]
[Site "http://www.queenalice.com/game.php?id=946891"]
[Date "2011.6.7"]
[Round "1"]
[White "Whoami"]
[Black "jzonta"]
[Result "1-0"]
[WhiteElo "2111"]
[BlackElo "1707"]

1. d4 f5 2. Nf3 Nf6 3. g3 e6 4. Bg2 Be7 5. O-O O-O 6. Ne5 d6 7. Nd3 c6 8. Nd2 d5
9. c3 Ne4 10. Nf3 Nd7 11. Nfe5 Bf6 12. f3 Nd6 13. Nxd7 Bxd7 14. Bf4 Nc4 15. e4
g5 16. Bc1 g4 17. exf5 gxf3 18. Qxf3 exf5 19. b3 1-0

[Event "AUTO-ADV-2183"]
[Site "http://www.queenalice.com/game.php?id=946892"]
[Date "2011.6.7"]
[Round "1"]
[White "jzonta"]
[Black "Whoami"]
[Result "0-1"]
[WhiteElo "1707"]
[BlackElo "2111"]

1. e4 e5 2. f4 exf4 3. Nf3 h6 4. Bc4 g5 5. Bxf7+ Kxf7 6. h4 Bg7 7. d4 d6 8. O-O
Nc6 9. c3 Bg4 10. Qb3+ Ke8 11. Qxb7 Nge7 12. Nbd2 Rb8 13. Qa6 Rb6 14. Qc4 d5 15.
Qa4 Bxf3 16. Rxf3 Qd7 17. exd5 Nxd5 18. Ne4 g4 0-1

[Event "AUTO-ADV-2183"]
[Site "http://www.queenalice.com/game.php?id=946905"]
[Date "2011.6.7"]
[Round "1"]
[White "EdsonEstevam"]
[Black "jzonta"]
[Result "1-0"]
[WhiteElo "1857"]
[BlackElo "2016"]

1. e4 c5 2. d4 cxd4 3. c3 dxc3 4. Nxc3 Nc6 5. Nf3 e6 6. Bc4 Nge7 7. Bg5 f6 8.
Bh4 Ng6 9. O-O a6 10. a3 Be7 11. b4 Nce5 12. Nxe5 1-0

[Event "AUTO-ADV-2183"]
[Site "http://www.queenalice.com/game.php?id=946906"]
[Date "2011.6.7"]
[Round "1"]
[White "jzonta"]
[Black "EdsonEstevam"]
[Result "0-1"]
[WhiteElo "2040"]
[BlackElo "1833"]

1. e4 e5 2. f4 exf4 3. Nf3 d5 4. exd5 Bd6 5. d4 Nf6 6. c4 Bg4 7. Be2 Ne4 8. O-O
Nd7 9. Bd3 Ndf6 10. Re1 Bf5 11. Nc3 Bb4 0-1

[Event "AUTO-ADV-2183"]
[Site "http://www.queenalice.com/game.php?id=946913"]
[Date "2011.6.7"]
[Round "1"]
[White "luiz_gustavo"]
[Black "jzonta"]
[Result "1-0"]
[WhiteElo "1872"]
[BlackElo "1957"]

1. e4 c5 2. Nf3 e6 3. Bc4 Nc6 4. O-O Nf6 5. Re1 Be7 6. Nc3 d5 7. exd5 exd5 8.
Bb5 O-O 9. Bxc6 bxc6 10. d3 Bg4 11. h3 Bh5 12. Re3 d4 13. Rxe7 1-0

[Event "AUTO-ADV-2183"]
[Site "http://www.queenalice.com/game.php?id=946914"]
[Date "2011.6.7"]
[Round "1"]
[White "jzonta"]
[Black "luiz_gustavo"]
[Result "0-1"]
[WhiteElo "1938"]
[BlackElo "1891"]

1. e4 e5 2. f4 Nc6 3. Nf3 Nf6 4. Nc3 Bb4 5. Bc4 Bxc3 6. dxc3 Nxe4 7. Qd5 Nd6 8.
Nxe5 Nxe5 9. Qxe5+ Qe7 10. Qxe7+ Kxe7 0-1

[Event "AUTO-MASTER-1424"]
[Site "http://www.queenalice.com/game.php?id=947000"]
[Date "2011.6.7"]
[Round "1"]
[White "Cartucho"]
[Black "jzonta"]
[Result "1-0"]
[WhiteElo "1593"]
[BlackElo "1595"]

1. c4 Nf6 2. Nc3 e5 3. e4 Bb4 4. d3 O-O 5. Nf3 d6 6. h3 Ne8 7. Be2 f5 8. O-O
Bxc3 9. bxc3 h6 10. exf5 Bxf5 11. Nh2 Nd7 12. f4 exf4 13. Bxf4 Nc5 14. Ng4 d5
15. d4 Ne4 16. Ne5 1-0

[Event "AUTO-MASTER-1424"]
[Site "http://www.queenalice.com/game.php?id=947001"]
[Date "2011.6.7"]
[Round "1"]
[White "jzonta"]
[Black "Cartucho"]
[Result "0-1"]
[WhiteElo "1579"]
[BlackElo "1609"]

1. e4 e5 2. f4 d5 3. exd5 exf4 4. Nf3 Qxd5 5. Nc3 Qa5 6. Bc4 Be7 7. d4 Nf6 8.
O-O O-O 9. Bxf4 Bd6 10. Ne5 Bxe5 11. dxe5 Qc5+ 12. Kh1 Ng4 13. Qe2 Nc6 14. e6
Nd4 15. Qxg4 Qxc4 0-1

[Event "AUTO-MASTER-1424"]
[Site "http://www.queenalice.com/game.php?id=947016"]
[Date "2011.6.7"]
[Round "1"]
[White "jzonta"]
[Black "tariann"]
[Result "0-1"]
[WhiteElo "1707"]
[BlackElo "2096"]

1. e4 e6 2. d4 d5 3. Nd2 c5 4. exd5 exd5 5. Ngf3 Nc6 6. Bb5 Nf6 7. O-O Be7 8.
dxc5 O-O 9. Nb3 Qc7 10. Re1 Bg4 11. h3 Bxf3 12. Qxf3 a6 13. Bf4 Qd7 14. Bd3 Nb4
15. Rxe7 Qxe7 0-1

[Event "AUTO-MASTER-1424"]
[Site "http://www.queenalice.com/game.php?id=947017"]
[Date "2011.6.7"]
[Round "1"]
[White "tariann"]
[Black "jzonta"]
[Result "1-0"]
[WhiteElo "2091"]
[BlackElo "1813"]

1. e4 c5 2. Nf3 e6 3. d4 cxd4 4. Nxd4 a6 5. c4 Qc7 6. Nc3 Nf6 7. Be2 Bb4 8. Qd3
Nc6 9. O-O Ne5 10. Qc2 Bxc3 11. Qxc3 Nxe4 12. Qh3 Nc6 13. Be3 d5 14. cxd5 exd5
15. Qh5 Qe5 16. Rac1 1-0

[Event "AUTO-MASTER-1424"]
[Site "http://www.queenalice.com/game.php?id=947018"]
[Date "2011.6.7"]
[Round "1"]
[White "jzonta"]
[Black "ylisavbots"]
[Result "0-1"]
[WhiteElo "1709"]
[BlackElo "2318"]

1. e4 e5 2. f4 d6 3. Nc3 Nc6 4. Nf3 Nf6 5. Bb5 Bd7 6. d4 exd4 7. Nxd4 Be7 8. Bc4
b6 9. O-O Nxd4 10. Qxd4 d5 11. Kh1 dxc4 12. e5 Bc5 13. Qxc4 Ng4 14. Ne4 Qh4 0-1

[Event "AUTO-MASTER-1424"]
[Site "http://www.queenalice.com/game.php?id=947019"]
[Date "2011.6.7"]
[Round "1"]
[White "ylisavbots"]
[Black "jzonta"]
[Result "1-0"]
[WhiteElo "2317"]
[BlackElo "1711"]

1. e4 c5 2. Nf3 e6 3. Bd3 Nc6 4. c3 Nf6 5. Bc2 d5 6. exd5 exd5 7. O-O Be7 8. d4
O-O 9. h3 Ne4 10. Be3 f5 11. Bf4 h6 12. Ne5 cxd4 13. Nxc6 bxc6 14. cxd4 1-0

[Event "Let's Play Chess!"]
[Site "http://www.queenalice.com/game.php?id=947727"]
[Date "2011.6.11"]
[Round "-"]
[White "dnptrs"]
[Black "jzonta"]
[Result "1-0"]
[WhiteElo "2122"]
[BlackElo "2071"]

1. d4 Nf6 2. Nf3 g6 3. g3 Bg7 4. Bg2 d6 5. O-O O-O 6. c4 Nc6 7. d5 Nb8 8. Nc3 e5
9. a4 Nfd7 10. a5 f5 11. Bh3 h6 12. e4 Qf6 13. b4 Na6 14. b5 Nac5 15. exf5 e4
16. Nh4 Qxc3 17. Ra3 Qxc4 18. Nxg6 Rf7 19. Nf4 Ne5 20. Qh5 Ncd7 21. Ne6 Nf6 22.
Qh4 1-0